00728nam a2200217Ia 4500008004100000020001900041050001600060050001800076100003800094245004500132245003900177260001300216260004400229260000900273300001600282300002000298300001100318500005100329650006200380650006800442160319s9999 xx 000 0 und d a971-912-20-9-2 aFIL LB 3051 b.D45 2001 c.2 aDel Rosario, Asuncion C. Mercado. aEducational measurement and evaluation / cAsuncion C. Mercado - Del Rosario. aManila : bJade Bookstore Educational Pub. House,  c2001 a173 pages : billustrations ; c23 cm. aIncludes bibliographical references and index. aEducational tests and measurements -- Study and teaching. xEducational tests and measurements -- Problems, exercises, etc.